| 000 | 00642nam a2200193 u 4500 | ||
|---|---|---|---|
| 005 | 20210223131601.0 | ||
| 008 | 110905s1998 r 000 0 eng d | ||
| 020 | _a383311150X | ||
| 035 | _aUPN01000181683 | ||
| 049 | _aC | ||
| 050 | 4 |
_aD426 _bY3.36 |
|
| 100 | 1 | _aYapp, Nick | |
| 245 | 1 | 0 |
_aGettyimages 1960s : _bdecades of the 20th Century = décadas del siglo XX = decadi del XX secolo / _cNick Yapp ; tr. José M Moya Porté. |
| 260 |
_aLondon : _bKönemann, _cc1998. |
||
| 300 |
_a393 p. : _bil. |
||
| 650 | 4 |
_aHISTORIA MODERNA - _vSIGLO XX - _xTRABAJOS PICTORICOS |
|
| 650 | 4 |
_aSIGLO XX - _vTRABAJOS PICTORICOS _919556 |
|
| 905 | _aLibro | ||
| 999 |
_c153786 _d153786 |
||